000 00313nam a2200133Ia 4500
005 20260328104304.0
008 260328s9999||||xx |||||||||||||| ||und||
100 _aLucas, Dorian
245 0 _aGreen Design /
_cDorian Lucas
260 _bBraun
300 _a231 p.
650 _aDISEÑO INDUSTRIAL
942 _cBK
999 _c10680
_d10680